Project management : (Record no. 8987)
[ view plain ]
| 000 -LEADER | |
|---|---|
| fixed length control field | 01012nac a22002411u 4500 |
| 020 ## - INTERNATIONAL STANDARD BOOK NUMBER | |
| International Standard Book Number | 995304072 : |
| 082 ## - DEWEY DECIMAL CLASSIFICATION NUMBER | |
| Classification number | 658.404 |
| Item number | ROB |
| 090 ## - LOCALLY ASSIGNED LC-TYPE CALL NUMBER (OCLC); LOCAL CALL NUMBER (OCLC) | |
| -- | 8987 |
| -- | 8987 |
| 100 ## - MAIN ENTRY--PERSONAL NAME | |
| Personal name | Roberts, Alexander |
| 245 ## - TITLE STATEMENT | |
| Title | Project management : |
| Statement of responsibility, etc | Alexander Roberts and William Wallace |
| 250 ## - EDITION STATEMENT | |
| Edition statement | 3rd ed. |
| 260 ## - PUBLICATION, DISTRIBUTION, ETC. (IMPRINT) | |
| Place of publication, distribution, etc | Lebanon : |
| Name of publisher, distributor, etc | Arab International Education,2004. |
| Date of publication, distribution, etc | c2004. |
| 300 ## - PHYSICAL DESCRIPTION | |
| Extent | ix, Various p.; |
| Other physical details | ill.; |
| Dimensions | 24 cm. |
| 500 ## - GENERAL NOTE | |
| General note | Edinburgh Business School Heriot- Watt University. |
| 500 ## - GENERAL NOTE | |
| General note | Includes index. |
| 500 ## - GENERAL NOTE | |
| General note | Distributed by: Dar Fathy Taha Mohamed Desoukey |
| 511 ## - PARTICIPANT OR PERFORMER NOTE | |
| Participant or performer note | Catalogued by: Sara |
| 650 ## - SUBJECT ADDED ENTRY--TOPICAL TERM | |
| Topical term or geographic name as entry element | Project management. |
| 700 ## - ADDED ENTRY--PERSONAL NAME | |
| Personal name | Wallace, William |
| 942 ## - ADDED ENTRY ELEMENTS (KOHA) | |
| Item type | Book - Borrowing |
| Call number prefix | 658.404 ROB |
| Withdrawn status | Item status | Damaged status | Not for loan | Home library | Current library | Shelving location | Date acquired | Source of acquisition | Total Checkouts | Total Renewals | Full call number | Barcode | Date last seen | Date last borrowed | Cost, replacement price | Koha item type |
|---|---|---|---|---|---|---|---|---|---|---|---|---|---|---|---|---|
| Central Library | Central Library | First floor | 02/04/2008 | Purchase | 8 | 32 | 658.404 ROB | 000010950 | 15/07/2025 | 04/11/2020 | 50.00 | Book - Borrowing | ||||
| Central Library | Central Library | First floor | 02/04/2008 | Purchase | 7 | 23 | 658.404 ROB | 000010949 | 15/07/2025 | 04/11/2020 | 50.00 | Book - Borrowing |